000 00772nmm a2200277 a 4500
003 AR-BaBNM
005 20251128211243.0
008 153020s1975 ||||||||||||||000 | spa||
040 _cAR-BaBNM
100 1 _aCapestany, Edward J.
245 1 0 _aLa dialéctica de El principito
_bintroducción, análisis, comentarios y conclusiones
250 _a2ª ed.
260 _aBuenos Aires
_bEdiciones Depalma
_c1975
300 _a113 p.
_bil.
600 0 4 _aPlatón
600 1 4 _aSaint Exupery, Antoine De
650 4 _aCRITICA LITERARIA
650 4 _aANALISIS LITERARIO
650 4 _aFILOSOFIA LITERARIA
653 _aNARRATIVA
653 _aFILOSOFIA ANTIGUA
655 _aLITERATURA
700 1 _aMuñoz, Jesús
_eprologuista
942 _cBK
998 _cmartin
999 _c18877
_d18877